Knallharte populisten, die medien und das zahnlose volk /

Uloženo v:
Podrobná bibliografie
Hlavní autor: Priester, Karin
Médium: Text
Tagy: Přidat tag
Žádné tagy, Buďte první, kdo vytvoří štítek k tomuto záznamu!

MARC

LEADER 00000 a a2200000 04500
001 47954
003
040
100 |a Priester, Karin  
245 |a Knallharte populisten, die medien und das zahnlose volk /  |c Karin Priester  
773 |g número12, (2014), páginas 39-41  
999 |c 37990  |d 37990